Southville International School and Colleges
Your cart is empty.
  • Cart
  • Lists
    Public lists Eva Luna New books Lux_list list_1
    Your lists Log in to create your own lists
  • Log in to your account
  • Your cookies
  • Search history
Southville International School and Colleges
  • Advanced search
  • Recent comments
  • Most popular
  • Libraries

Log in to your account

Log in with GOOGLE


If you do not have an external account, but do have a local account, you can still log in:

  1. Home
  2. MARC view: Filipino value system :
Normal view MARC view ISBD view

Filipino value system : (Record no. 1630)

[ view plain ]
MARC details
000 -LEADER
fixed length control field 00549nam a22001937a 4500
003 - CONTROL NUMBER IDENTIFIER
control field LC
005 - DATE AND TIME OF LATEST TRANSACTION
control field 20170227160207.0
008 - FIXED-LENGTH DATA ELEMENTS--GENERAL INFORMATION
fixed length control field 121211t xxu||||| |||| 00| 0 eng d
020 ## - INTERNATIONAL STANDARD BOOK NUMBER
International Standard Book Number 9716220049
050 ## - LIBRARY OF CONGRESS CALL NUMBER
Classification number BD 435
Item number .J63 2002
082 ## - DEWEY DECIMAL CLASSIFICATION NUMBER
Classification number FIL 303.372
Item number J58 1997
100 ## - MAIN ENTRY--PERSONAL NAME
Personal name Jocano, F. Landa
245 ## - TITLE STATEMENT
Title Filipino value system :
Statement of responsibility, etc F. Landa Jocano.
Remainder of title a cultural definition /
260 ## - PUBLICATION, DISTRIBUTION, ETC. (IMPRINT)
Place of publication, distribution, etc Manila :
Name of publisher, distributor, etc Punlad Research House,
Date of publication, distribution, etc 2002.
300 ## - PHYSICAL DESCRIPTION
Extent 123 p. :
Other physical details ill. ;
Dimensions 23 cm.
650 ## - SUBJECT ADDED ENTRY--TOPICAL TERM
Topical term or geographic name as entry element Filipinos
General subdivision Values
942 ## - ADDED ENTRY ELEMENTS (KOHA)
Source of classification or shelving scheme Library of Congress Classification
Koha item type Books
Holdings
Withdrawn status Lost status Source of classification or shelving scheme Damaged status Home library Current library Shelving location Date acquired Total Checkouts Full call number Barcode Date last seen Copy number Price effective from Koha item type
    Library of Congress Classification   Luxembourg Library Luxembourg Library Filipiniana Section 06/26/2013   BD 435 .J63 2002 15326 08/13/2013 1 10/03/2013 Books

Filipino value system :

APA

Jocano F. L., . (2002). Filipino value system. Manila: Punlad Research House.

Chicago

Jocano F Landa, . 2002. Filipino value system. Manila: Punlad Research House.

Harvard

Jocano F. L., . (2002). Filipino value system. Manila: Punlad Research House.

MLA

Jocano F Landa, . Filipino value system. Manila: Punlad Research House. 2002.

  • Place hold
  • Print
  • Cite
  • Add to your cart (remove)
  • Save record
    BIBTEX Dublin Core MARCXML MARC (non-Unicode/MARC-8) MARC (Unicode/UTF-8) MARC (Unicode/UTF-8, Standard) MODS (XML) RIS
  • More searches
    Search for this title in:
    Other Libraries (WorldCat) Other Databases (Google Scholar) Online Stores (Bookfinder.com) Open Library (openlibrary.org)

Exporting to Dublin Core...

SOUTHVILLE LIBRARY

Southville International School and Colleges Library

1281 Tropical Ave. Cor. Luxembourg St., BF Homes International, Las Pinas City

Tel. No. 8256374 / 252358 Loc. 117/146

Powered by Koha